[Event "St Jean op"]
[Site "St Jean sur Richelieu CAN"]
[Date "2004.06.27"]
[Round "5"]
[White "Lessard, Claude"]
[Black "Schleifer, Michael"]
[Result "1/2-1/2"]
[WhiteElo "2079"]
[BlackElo "2325"]
[PlyCount "41"]
[GameId "2160767911145660"]
[EventDate "2004.06.??"]
[EventType "swiss"]
[EventRounds "5"]
[EventCountry "CAN"]
[SourceTitle "EXT 2006"]
[Source "ChessBase"]
[SourceDate "2005.11.24"]
[SourceVersion "1"]
[SourceVersionDate "2005.11.24"]
[SourceQuality "1"]

1. d4 Nf6 2. c4 g6 3. Nc3 d5 4. Nf3 Bg7 5. Bf4 dxc4 6. Qa4+ c6 7. Qxc4 O-O 8. Bxb8 Rxb8 9. e3 Be6 10. Qa4 Qb6 11. Qa3 Nd5 12. Nxd5 Bxd5 13. Be2 Bxf3 14. Bxf3 e5 15. dxe5 Bxe5 16. Rb1 Rfd8 17. O-O Rd2 18. b3 Kg7 19. Rfd1 Rbd8 20. Rxd2 Rxd2 21. Rd1 1/2-1/2

[Event "St Jean op"]
[Site "St Jean sur Richelieu CAN"]
[Date "2004.06.27"]
[Round "5"]
[White "Masse, Hugues"]
[Black "Audet-Bouchard, Nicolas"]
[Result "1-0"]
[WhiteElo "2249"]
[BlackElo "2084"]
[PlyCount "101"]
[GameId "2160767911145661"]
[EventDate "2004.06.??"]
[EventType "swiss"]
[EventRounds "5"]
[EventCountry "CAN"]
[SourceTitle "EXT 2006"]
[Source "ChessBase"]
[SourceDate "2005.11.24"]
[SourceVersion "1"]
[SourceVersionDate "2005.11.24"]
[SourceQuality "1"]

1. d4 Nf6 2. c4 e6 3. Nc3 Bb4 4. Qc2 Nc6 5. Nf3 O-O 6. a3 Bxc3+ 7. Qxc3 a5 8. Bg5 h6 9. Bh4 g5 10. Bg3 Ne4 11. Qc2 f5 12. e3 d6 13. Bd3 Nxg3 14. hxg3 Qf6 15. O-O-O e5 16. Be2 Ne7 17. dxe5 dxe5 18. c5 Kg7 19. Qc3 e4 20. Nd4 b6 21. cxb6 cxb6 22. Kb1 Bd7 23. Nb5 Bxb5 24. Qxf6+ Rxf6 25. Bxb5 Rc8 26. Rd7 Kf7 27. Rhd1 Rc5 28. Ba4 Re5 29. Rb7 f4 30. Bb3+ Kg6 31. g4 fxe3 32. fxe3 b5 33. Rdd7 a4 34. Bxa4 bxa4 35. Rxe7 Rf1+ 36. Ka2 Rxe7 37. Rxe7 h5 38. gxh5+ Kxh5 39. Rxe4 Re1 40. g4+ Kh4 41. Rxa4 Rxe3 42. Rc4 Rf3 43. a4 Rf4 44. b3 Kxg4 45. a5 Kh3 46. Ka3 Rf1 47. Rc5 g4 48. Rh5+ Kg2 49. Kb4 g3 50. a6 Ra1 51. Kb5 1-0

[Event "St Jean op"]
[Site "St Jean sur Richelieu CAN"]
[Date "2004.06.27"]
[Round "5"]
[White "Moisan, Francois"]
[Black "Gaudreau, Eric"]
[Result "1-0"]
[WhiteElo "1833"]
[BlackElo "1644"]
[PlyCount "47"]
[GameId "2160767911145662"]
[EventDate "2004.06.??"]
[EventType "swiss"]
[EventRounds "5"]
[EventCountry "CAN"]
[SourceTitle "EXT 2006"]
[Source "ChessBase"]
[SourceDate "2005.11.24"]
[SourceVersion "1"]
[SourceVersionDate "2005.11.24"]
[SourceQuality "1"]

1. e4 c5 2. f4 d6 3. Nf3 Nc6 4. Be2 Nf6 5. d3 e6 6. O-O Be7 7. Be3 Qb6 8. h3 Qxb2 9. Nbd2 Qb6 10. c3 O-O 11. g4 d5 12. e5 Nd7 13. d4 f6 14. Nb3 Qc7 15. Qe1 b6 16. Qg3 Kh8 17. Rf2 Bb7 18. Rg2 g5 19. fxg5 fxe5 20. g6 hxg6 21. g5 Bd6 22. Qh4+ Kg7 23. Qh6+ Kf7 24. Qh7+ 1-0

[Event "St Jean op"]
[Site "St Jean sur Richelieu CAN"]
[Date "2004.06.27"]
[Round "5"]
[White "Nadeau, Sebastien"]
[Black "Amesse, Louis-Philippe"]
[Result "1/2-1/2"]
[WhiteElo "1838"]
[BlackElo "1668"]
[PlyCount "91"]
[GameId "2160767911145663"]
[EventDate "2004.06.??"]
[EventType "swiss"]
[EventRounds "5"]
[EventCountry "CAN"]
[SourceTitle "EXT 2006"]
[Source "ChessBase"]
[SourceDate "2005.11.24"]
[SourceVersion "1"]
[SourceVersionDate "2005.11.24"]
[SourceQuality "1"]

1. e4 d6 2. d4 Nf6 3. Nc3 g6 4. f4 Bg7 5. Nf3 O-O 6. h3 c5 7. Be3 cxd4 8. Nxd4 e5 9. Ndb5 Qa5 10. Bd3 exf4 11. Bxf4 d5 12. O-O dxe4 13. Bc4 Na6 14. Qe2 Bd7 15. Nd6 Qb6+ 16. Kh1 Qxb2 17. Be5 Nh5 18. Bxf7+ Kh8 19. Bxg7+ Kxg7 20. Qe3 Qb6 21. Qxb6 Ng3+ 22. Kg1 axb6 23. Rf4 Nc5 24. Kh2 Nf5 25. Nxf5+ gxf5 26. Bd5 Bc6 27. g4 Ra3 28. Bb3 fxg4 29. Rxg4+ Kh8 30. Rag1 Nxb3 31. cxb3 Rf2+ 32. R1g2 Rxg2+ 33. Kxg2 e3+ 34. Kf1 Ra8 35. Ke2 Rf8 36. Rg3 Re8 37. Rxe3 Rxe3+ 38. Kxe3 Kg7 39. Ne4 Kg6 40. Nd6 Bg2 41. a4 Bxh3 42. Nxb7 Be6 43. b4 Bb3 44. a5 bxa5 45. Nxa5 Ba4 46. Nc4 1/2-1/2

[Event "St Jean op"]
[Site "St Jean sur Richelieu CAN"]
[Date "2004.06.27"]
[Round "5"]
[White "Pepin, Christian"]
[Black "Moskvitch, Andrei"]
[Result "1/2-1/2"]
[WhiteElo "2175"]
[BlackElo "2138"]
[PlyCount "52"]
[GameId "2160767911145664"]
[EventDate "2004.06.??"]
[EventType "swiss"]
[EventRounds "5"]
[EventCountry "CAN"]
[SourceTitle "EXT 2006"]
[Source "ChessBase"]
[SourceDate "2005.11.24"]
[SourceVersion "1"]
[SourceVersionDate "2005.11.24"]
[SourceQuality "1"]

1. e4 c5 2. Nf3 d6 3. d4 cxd4 4. Nxd4 Nf6 5. Nc3 e6 6. Be2 Be7 7. O-O O-O 8. f4 Qc7 9. Be3 a6 10. Bf3 Nc6 11. Nce2 e5 12. Nxc6 Qxc6 13. Nc3 exf4 14. e5 Ng4 15. Bxc6 Nxe3 16. Qf3 Nxf1 17. Rxf1 bxc6 18. Qxc6 Be6 19. exd6 Bf6 20. Rxf4 Rac8 21. Qf3 Be5 22. Ra4 Bxd6 23. Rxa6 Bc5+ 24. Kh1 Rcd8 25. h3 Rfe8 26. Ra5 Bd6 1/2-1/2

[Event "St Jean op"]
[Site "St Jean sur Richelieu CAN"]
[Date "2004.06.27"]
[Round "5"]
[White "Rivest, Jean-Michel"]
[Black "Rousseau, Daniel"]
[Result "0-1"]
[WhiteElo "1812"]
[BlackElo "2198"]
[PlyCount "40"]
[GameId "2160767911145665"]
[EventDate "2004.06.??"]
[EventType "swiss"]
[EventRounds "5"]
[EventCountry "CAN"]
[SourceTitle "EXT 2006"]
[Source "ChessBase"]
[SourceDate "2005.11.24"]
[SourceVersion "1"]
[SourceVersionDate "2005.11.24"]
[SourceQuality "1"]

1. e4 e5 2. Nf3 Nc6 3. Bb5 a6 4. Ba4 Nf6 5. O-O b5 6. Bb3 Bc5 7. c3 d6 8. d4 Bb6 9. d5 Ne7 10. Qd3 O-O 11. Bg5 Ng6 12. a4 h6 13. Be3 Nh5 14. axb5 Nhf4 15. Qd2 Bg4 16. Bd1 Qd7 17. Rxa6 Nxg2 18. Kh1 Qxb5 19. Be2 Bxf3 20. Bxb5 N2f4+ 0-1

[Event "St Jean op"]
[Site "St Jean sur Richelieu CAN"]
[Date "2004.06.27"]
[Round "5"]
[White "Sarra-Bournet, Marc"]
[Black "Saint Pierre, Steve"]
[Result "0-1"]
[WhiteElo "1742"]
[BlackElo "1817"]
[PlyCount "128"]
[GameId "2160767911145667"]
[EventDate "2004.06.??"]
[EventType "swiss"]
[EventRounds "5"]
[EventCountry "CAN"]
[SourceTitle "EXT 2006"]
[Source "ChessBase"]
[SourceDate "2005.11.24"]
[SourceVersion "1"]
[SourceVersionDate "2005.11.24"]
[SourceQuality "1"]

1. e4 e6 2. d4 d5 3. Nd2 Be7 4. e5 c5 5. c3 Nc6 6. Ngf3 cxd4 7. cxd4 Qb6 8. Nb3 a5 9. a4 Bd7 10. Bb5 Nb4 11. Bxd7+ Kxd7 12. O-O Rc8 13. Bg5 f6 14. exf6 gxf6 15. Be3 Nc2 16. Nc5+ Bxc5 17. dxc5 Nxe3 18. cxb6 Nxd1 19. Rfxd1 Rc6 20. Nd4 Rxb6 21. Nb5 Ne7 22. Ra3 Nf5 23. Kf1 Nd6 24. Rb3 Nxb5 25. axb5 Kd6 26. Ra1 Ra8 27. Ra4 Kc5 28. Rh4 Rh8 29. Rh6 e5 30. Rc3+ Kxb5 31. Rb3+ Kc5 32. Rxb6 Kxb6 33. Rxf6+ Kc5 34. Ke2 b5 35. Kd3 Rg8 36. g3 e4+ 37. Kc3 Rg7 38. Rf8 Rc7 39. Rd8 a4 40. Kd2 Kc4 41. Ke3 b4 42. Ra8 Kb3 43. Ra5 a3 44. bxa3 bxa3 45. Rb5+ Kc2 46. Rxd5 Ra7 47. Rc5+ Kb2 48. Rb5+ Kc3 49. Rc5+ Kb4 50. Rc1 Rf7 51. Rb1+ Kc3 52. Rb8 Rf3+ 53. Kxe4 Rxf2 54. h4 a2 55. Ra8 Kb2 56. Rb8+ Kc1 57. Ra8 Kb1 58. Rb8+ Rb2 59. Ra8 h5 60. Ra5 Rb4+ 61. Kf3 a1=Q 62. Rxh5 Qc3+ 63. Kg2 Rb2+ 64. Kh3 Qc8+ 0-1

[Event "Super Saturday"]
[Site "Vancouver CAN"]
[Date "2004.07.03"]
[Round "5.1"]
[White "Davies, Lucas"]
[Black "Lee, Vicente jr."]
[Result "0-1"]
[WhiteElo "2120"]
[BlackElo "2336"]
[PlyCount "56"]
[GameId "2160767911096286"]
[EventDate "2004.06.05"]
[EventType "swiss"]
[EventRounds "5"]
[EventCountry "CAN"]

1. e4 g6 2. d4 Bg7 3. Nc3 c6 4. g3 d5 5. Be3 h5 6. h3 Nh6 7. Bg2 dxe4 8. Nxe4 Nf5 9. Ne2 O-O 10. c3 Nxe3 11. fxe3 e5 12. Qd3 Na6 13. O-O-O Be6 14. Kb1 Qa5 15. b3 Rad8 16. Rdf1 exd4 17. exd4 Bf5 18. b4 Qa3 19. g4 Be6 20. Nc1 Nxb4 21. Qd2 Nd5 22. Ne2 Nb6 23. Nf4 Bc4 24. gxh5 f5 25. Ng5 Na4 26. Rc1 Bxd4 27. cxd4 Rxd4 28. Qc2 Rxf4 0-1

[Event "Super Saturday"]
[Site "Vancouver CAN"]
[Date "2004.07.03"]
[Round "5.2"]
[White "Yip, Michael"]
[Black "Meng, Fanhao"]
[Result "0-1"]
[WhiteElo "2108"]
[BlackElo "2298"]
[PlyCount "92"]
[GameId "2160767911096287"]
[EventDate "2004.06.05"]
[EventType "swiss"]
[EventRounds "5"]
[EventCountry "CAN"]
[SourceTitle "EXT 2006"]
[Source "ChessBase"]
[SourceDate "2005.11.24"]
[SourceVersion "1"]
[SourceVersionDate "2005.11.24"]
[SourceQuality "1"]

1. d4 g6 2. g3 Bg7 3. Bg2 d6 4. Nf3 Nd7 5. c4 e5 6. Nc3 Ngf6 7. e4 O-O 8. O-O c6 9. Re1 Qc7 10. h3 Nb6 11. b3 Be6 12. Be3 Rad8 13. d5 Bc8 14. Qd2 c5 15. Qc2 a6 16. a4 Nh5 17. a5 Nd7 18. Nd2 f5 19. exf5 gxf5 20. Bg5 Rde8 21. Ra3 Ndf6 22. Ne2 Qf7 23. Raa1 Qg6 24. Bh4 Kh8 25. Rab1 e4 26. b4 cxb4 27. Rxb4 Nd7 28. Rb3 Nc5 29. Ra3 f4 30. Nxf4 Nxf4 31. gxf4 Nd3 32. Rxe4 Rxe4 33. Qxd3 Re1+ 34. Kh2 Bh6 35. Bg3 Qxd3 36. Rxd3 Bxf4 37. Rd4 Bxg3+ 38. Kxg3 Rg1 39. Kh2 Rd1 40. Kg3 Bf5 41. Bf3 Rg1+ 42. Kh2 Ra1 43. Rf4 Kg7 44. Nb3 Ra3 45. Nd4 Bd7 46. Re4 Raxf3 0-1

[Event "Super Saturday"]
[Site "Vancouver CAN"]
[Date "2004.07.03"]
[Round "5.4"]
[White "Tahouri, Daryoush"]
[Black "Milicevic, Dragoljub"]
[Result "0-1"]
[WhiteElo "1721"]
[BlackElo "2214"]
[PlyCount "66"]
[GameId "2160767911096288"]
[EventDate "2004.06.05"]
[EventType "swiss"]
[EventRounds "5"]
[EventCountry "CAN"]

1. e4 d5 2. exd5 Nf6 3. c4 c6 4. dxc6 Nxc6 5. Nf3 e5 6. Nc3 Bf5 7. a3 e4 8. Nh4 Bg4 9. Be2 Bxe2 10. Nxe2 Ng4 11. g3 g5 12. Ng2 Qf6 13. O-O Nge5 14. Ne1 O-O-O 15. Nc3 Qg6 16. f3 Bc5+ 17. Kg2 e3 18. Ne4 Be7 19. d3 f5 20. Nc3 f4 21. Nd5 Rxd5 22. cxd5 Nd4 23. Qa4 Bc5 24. b4 Bb6 25. Bb2 e2 26. Rf2 Nxd3 27. Rxe2 Nxb2 28. Rxb2 g4 29. Rc1+ Kd8 30. fxg4 fxg3 31. h3 Qe4+ 32. Kxg3 Qe3+ 33. Kh4 Qxc1 0-1

[Event "Super Saturday II"]
[Site "Vancouver CAN"]
[Date "2004.07.24"]
[Round "1"]
[White "Gaciu, Vlad"]
[Black "Cohen, David"]
[Result "0-1"]
[WhiteElo "1635"]
[BlackElo "1897"]
[PlyCount "40"]
[GameId "2160767911094961"]
[EventDate "2004.07.24"]
[EventType "swiss"]
[EventRounds "5"]
[EventCountry "CAN"]

1. c4 e5 2. Nc3 Nf6 3. g3 Bc5 4. Bg2 O-O 5. e3 Nc6 6. Nge2 Re8 7. O-O d6 8. d4 exd4 9. exd4 Bb6 10. a3 a5 11. Nf4 Nxd4 12. Nfd5 Nxd5 13. Bxd5 c6 14. Bg2 Bf5 15. Bf4 Qd7 16. Qh5 Bg4 17. Qh4 h5 18. h3 Nf5 19. Qg5 Bd8 20. Bxc6 bxc6 0-1

[Event "Super Saturday II"]
[Site "Vancouver CAN"]
[Date "2004.08.21"]
[Round "5"]
[White "Jiang, Louie"]
[Black "Yip, Michael"]
[Result "0-1"]
[WhiteElo "1799"]
[BlackElo "2111"]
[PlyCount "98"]
[GameId "2160767911094962"]
[EventDate "2004.07.24"]
[EventType "swiss"]
[EventRounds "5"]
[EventCountry "CAN"]

1. e4 e6 2. d4 d5 3. Nc3 Bb4 4. e5 Qd7 5. f4 b6 6. Nf3 Bb7 7. a3 Bxc3+ 8. bxc3 Ne7 9. Bd3 Nbc6 10. O-O O-O-O 11. Be3 Nf5 12. Bf2 h5 13. Re1 g6 14. Qe2 Na5 15. Nd2 Qe7 16. Nb3 Nc6 17. a4 a5 18. Qd2 h4 19. h3 Rhg8 20. Kh2 g5 21. Bxf5 exf5 22. fxg5 Rxg5 23. Bxh4 Rxg2+ 24. Qxg2 Qxh4 25. Qg3 Qh6 26. Rf1 Ne7 27. Rae1 Kb8 28. Qf4 Qh5 29. Rg1 Rh8 30. Qg3 Bc8 31. h4 Ng6 32. Kg2 f4 33. Qd3 Nxh4+ 34. Kf2 Bf5 35. Qe2 Qh6 36. Qd2 Be4 37. Rh1 Bxh1 38. Rxh1 Qg5 39. Rg1 Qxg1+ 40. Kxg1 Nf3+ 41. Kg2 Nxd2 42. Nxd2 Rg8+ 43. Kf2 Rg3 44. Nf3 Kc8 45. Ke2 Kd7 46. Kf2 Ke6 47. Ke2 Rxf3 48. Kxf3 b5 49. axb5 a4 0-1

[Event "Thanksgiving op"]
[Site "Winnipeg CAN"]
[Date "2004.10.15"]
[Round "1"]
[White "Booth, Kevin"]
[Black "Silva, T Romero"]
[Result "0-1"]
[WhiteElo "1194"]
[BlackElo "1621"]
[PlyCount "78"]
[GameId "2160767911060949"]
[EventDate "2004.10.15"]
[EventType "swiss"]
[EventRounds "5"]
[EventCountry "CAN"]
[SourceTitle "EXT 2006"]
[Source "ChessBase"]
[SourceDate "2005.11.24"]
[SourceVersion "1"]
[SourceVersionDate "2005.11.24"]
[SourceQuality "1"]

1. d4 Nf6 2. c4 e6 3. Nc3 c5 4. e3 a6 5. g3 Nc6 6. d5 exd5 7. cxd5 Ne5 8. Bg2 d6 9. Nf3 Bg4 10. O-O g6 11. h3 Nxf3+ 12. Bxf3 Bxh3 13. Bg2 Bd7 14. a3 Bg7 15. Re1 O-O 16. e4 Re8 17. b4 Nxd5 18. Nxd5 Bxa1 19. Bh6 Bd4 20. bxc5 dxc5 21. Bf4 Rc8 22. e5 Re6 23. Bh3 Rec6 24. Bxd7 Qxd7 25. Nf6+ Rxf6 26. exf6 Qf5 27. Qf3 g5 28. Qe2 Bxf6 29. Be3 g4 30. Bh6 Qd7 31. Rd1 Bd4 32. Qd2 Qf5 33. Re1 Bg7 34. Bf4 h5 35. Bg5 c4 36. Bh4 c3 37. Qc1 c2 38. Re2 Kh7 39. Re7 Bh6 0-1

[Event "Thanksgiving op"]
[Site "Winnipeg CAN"]
[Date "2004.10.15"]
[Round "1"]
[White "Clory, Ron"]
[Black "Wood, Nathan"]
[Result "0-1"]
[WhiteElo "1626"]
[BlackElo "1294"]
[PlyCount "58"]
[GameId "2160767911060950"]
[EventDate "2004.10.15"]
[EventType "swiss"]
[EventRounds "5"]
[EventCountry "CAN"]

1. Nf3 Nf6 2. g3 d5 3. d3 e6 4. Bg2 Bd6 5. O-O h6 6. Nbd2 Nc6 7. Re1 Bd7 8. e4 dxe4 9. Nxe4 Be7 10. a3 Nxe4 11. Rxe4 Bf6 12. Rb1 Qe7 13. b4 O-O-O 14. Bb2 Bxb2 15. Rxb2 g5 16. b5 Na5 17. a4 b6 18. c4 h5 19. Qc2 h4 20. Ne5 hxg3 21. hxg3 f5 22. Rd4 Be8 23. Rxd8+ Kxd8 24. Qc3 Qh7 25. Nf3 Bd7 26. Qf6+ Kc8 27. Nxg5 Qh5 28. Rb1 Nb3 29. Nxe6 Nd2 0-1

[Event "Thanksgiving op"]
[Site "Winnipeg CAN"]
[Date "2004.10.15"]
[Round "1"]
[White "Kaptsan, Aron"]
[Black "Anderson, George"]
[Result "1-0"]
[WhiteElo "1909"]
[BlackElo "1473"]
[PlyCount "63"]
[GameId "2160767911060952"]
[EventDate "2004.10.15"]
[EventType "swiss"]
[EventRounds "5"]
[EventCountry "CAN"]
[SourceTitle "EXT 2006"]
[Source "ChessBase"]
[SourceDate "2005.11.24"]
[SourceVersion "1"]
[SourceVersionDate "2005.11.24"]
[SourceQuality "1"]

1. d4 e6 2. c4 Nf6 3. Nc3 c5 4. d5 d6 5. e4 exd5 6. cxd5 a6 7. a4 Nbd7 8. Nf3 h6 9. Bd3 Qe7 10. O-O Ne5 11. Nxe5 Qxe5 12. h3 g5 13. Kh1 h5 14. f4 gxf4 15. Bxf4 Qe7 16. Bg5 Bg7 17. e5 dxe5 18. Ne4 Nxe4 19. Bxe7 Ng3+ 20. Kg1 Nxf1 21. Bh4 Ne3 22. Qf3 Bh6 23. Bf2 c4 24. Bb1 c3 25. Bxe3 cxb2 26. Ra2 Bxe3+ 27. Qxe3 f6 28. Rxb2 Rg8 29. Qf3 Ke7 30. Qxh5 Bd7 31. Qh7+ Kd6 32. Rxb7 1-0

[Event "Thanksgiving op"]
[Site "Winnipeg CAN"]
[Date "2004.10.15"]
[Round "1"]
[White "Lambruschini, Alex"]
[Black "Cheyne, Andrew"]
[Result "1-0"]
[WhiteElo "1609"]
[BlackElo "1118"]
[PlyCount "47"]
[GameId "2160767911060953"]
[EventDate "2004.10.15"]
[EventType "swiss"]
[EventRounds "5"]
[EventCountry "CAN"]

1. e4 c5 2. Nf3 Nc6 3. d3 d6 4. b3 Nf6 5. Bb2 e5 6. Nc3 Be7 7. h3 Be6 8. Be2 O-O 9. O-O d5 10. exd5 Nxd5 11. Nxd5 Qxd5 12. c3 f6 13. Re1 Qd7 14. Qd2 Rad8 15. Bf1 b5 16. Qe3 Bd6 17. d4 exd4 18. Qxe6+ Qxe6 19. Rxe6 dxc3 20. Bxc3 b4 21. Bb2 a5 22. Bc4 Kh8 23. g3 Ra8 24. Rxd6 1-0

[Event "Thanksgiving op"]
[Site "Winnipeg CAN"]
[Date "2004.10.15"]
[Round "1"]
[White "Plocek, Jaroslav"]
[Black "Nikouline, Alexandre"]
[Result "0-1"]
[WhiteElo "1525"]
[BlackElo "2000"]
[PlyCount "70"]
[GameId "2160767911060954"]
[EventDate "2004.10.15"]
[EventType "swiss"]
[EventRounds "5"]
[EventCountry "CAN"]
[SourceTitle "EXT 2006"]
[Source "ChessBase"]
[SourceDate "2005.11.24"]
[SourceVersion "1"]
[SourceVersionDate "2005.11.24"]
[SourceQuality "1"]

1. d4 Nf6 2. Nf3 e6 3. c4 b6 4. g3 Ba6 5. b3 Bb4+ 6. Bd2 Be7 7. Bg2 Bb7 8. O-O O-O 9. Nc3 d5 10. cxd5 exd5 11. Re1 Ne4 12. Rc1 Nxd2 13. Qxd2 Nd7 14. Qc2 Nf6 15. Ne5 Bb4 16. Rf1 c6 17. Nd1 Ba3 18. Rb1 c5 19. e3 Ba6 20. Re1 Rc8 21. Bf1 cxd4 22. Qf5 Bxf1 23. Rxf1 Ne4 24. Re1 Bb4 25. Re2 g6 26. Qg4 f5 27. Qh3 Qe8 28. Nd3 Qb5 29. N1b2 Nc3 30. Nxb4 Nxe2+ 31. Kh1 Qxb4 32. Qf1 d3 33. Nxd3 Qe4+ 34. f3 Qxd3 35. Rd1 Qxd1 0-1

[Event "Thanksgiving op"]
[Site "Winnipeg CAN"]
[Date "2004.10.15"]
[Round "1"]
[White "Reimer, Bruce"]
[Black "Zaczek, Jonathon"]
[Result "0-1"]
[WhiteElo "1344"]
[BlackElo "1891"]
[PlyCount "72"]
[GameId "2160767911060955"]
[EventDate "2004.10.15"]
[EventType "swiss"]
[EventRounds "5"]
[EventCountry "CAN"]
[SourceTitle "EXT 2006"]
[Source "ChessBase"]
[SourceDate "2005.11.24"]
[SourceVersion "1"]
[SourceVersionDate "2005.11.24"]
[SourceQuality "1"]

1. c4 b6 2. Nc3 Bb7 3. e4 e6 4. g3 f5 5. Bg2 Nf6 6. d3 Bb4 7. Bg5 Bxc3+ 8. bxc3 h6 9. Bxf6 Qxf6 10. Ne2 fxe4 11. dxe4 e5 12. O-O O-O 13. f4 d6 14. fxe5 Qxe5 15. Rxf8+ Kxf8 16. Qf1+ Kg8 17. Qf5 Nc6 18. Nd4 Nxd4 19. Qxe5 dxe5 20. cxd4 exd4 21. Rd1 c5 22. Re1 Kf7 23. e5 Bxg2 24. Kxg2 Ke6 25. g4 Rf8 26. Re4 g5 27. a4 Rf4 28. Rxf4 gxf4 29. Kf3 Kxe5 30. h4 d3 31. Kf2 Ke4 32. g5 hxg5 33. hxg5 Kf5 34. g6 Kxg6 35. Ke1 Kf5 36. Kd2 Ke4 0-1

[Event "Thanksgiving op"]
[Site "Winnipeg CAN"]
[Date "2004.10.15"]
[Round "1"]
[White "Vincent, Trevor"]
[Black "Gannon, Keith"]
[Result "1-0"]
[WhiteElo "2023"]
[BlackElo "1580"]
[PlyCount "57"]
[GameId "2160767911060956"]
[EventDate "2004.10.15"]
[EventType "swiss"]
[EventRounds "5"]
[EventCountry "CAN"]
[SourceTitle "EXT 2006"]
[Source "ChessBase"]
[SourceDate "2005.11.24"]
[SourceVersion "1"]
[SourceVersionDate "2005.11.24"]
[SourceQuality "1"]

1. c4 g6 2. g3 Bg7 3. Bg2 c5 4. Nc3 Nc6 5. a3 d6 6. Rb1 Bd7 7. b4 Rc8 8. Nh3 b6 9. O-O Nf6 10. d3 O-O 11. Bd2 a6 12. Nf4 Bh6 13. Ne6 fxe6 14. Bxh6 Rf7 15. h3 Qc7 16. Qd2 Nd4 17. e4 Nh5 18. g4 Ng7 19. f4 Bc6 20. f5 exf5 21. exf5 Bxg2 22. Qxg2 gxf5 23. gxf5 cxb4 24. axb4 b5 25. Nd5 Qb7 26. Rf4 Qa7 27. Kh1 Rcf8 28. Rg1 Kh8 29. Bxg7+ 1-0

[Event "Thanksgiving op"]
[Site "Winnipeg CAN"]
[Date "2004.10.15"]
[Round "1"]
[White "Zhou, Lu"]
[Black "Liebzeit, Mick"]
[Result "1-0"]
[WhiteElo "1807"]
[BlackElo "1353"]
[PlyCount "115"]
[GameId "2160767911060957"]
[EventDate "2004.10.15"]
[EventType "swiss"]
[EventRounds "5"]
[EventCountry "CAN"]
[SourceTitle "EXT 2006"]
[Source "ChessBase"]
[SourceDate "2005.11.24"]
[SourceVersion "1"]
[SourceVersionDate "2005.11.24"]
[SourceQuality "1"]

1. d4 Nf6 2. c4 g6 3. Nc3 Bg7 4. e4 d6 5. Bd3 Nc6 6. Nf3 e5 7. d5 Ne7 8. b4 a5 9. bxa5 O-O 10. Bd2 Nh5 11. O-O Nf4 12. Bxf4 exf4 13. Qd2 f5 14. Rab1 Rxa5 15. Ne2 b6 16. Ned4 Bd7 17. exf5 Nxf5 18. Bxf5 Bxf5 19. Nc6 Qa8 20. Nxa5 Bxb1 21. Rxb1 bxa5 22. Ng5 Rb8 23. Rxb8+ Qxb8 24. h4 Be5 25. f3 Qb6+ 26. Kh2 Bd4 27. Ne6 Be5 28. Kh3 Qg1 29. Nxf4 Qh1+ 30. Kg4 Bxf4 31. Kxf4 Qxh4+ 32. Ke3 Qg5+ 33. Kd3 Qf5+ 34. Kc3 Kf7 35. Qe3 Qf6+ 36. Kb3 Qf5 37. Ka3 Kf8 38. g4 Qc2 39. Qb3 Qd2 40. Qb8+ Kg7 41. Qxc7+ Kh6 42. Qb8 Qe3+ 43. Qb3 Qc5+ 44. Ka4 g5 45. Qc3 Kg6 46. Qb3 Kh6 47. a3 Qc7 48. Qb5 Kg7 49. Qc6 Qd8 50. Kb5 Qb8+ 51. Qb6 Qe8+ 52. Kxa5 Qe1+ 53. Qb4 Qe7 54. Ka6 Qe8 55. Qxd6 Qa4+ 56. Kb7 Qb3+ 57. Kc8 Qxc4+ 58. Qc7+ 1-0

[Event "Thanksgiving op"]
[Site "Winnipeg CAN"]
[Date "2004.10.16"]
[Round "2"]
[White "Anderson, George"]
[Black "Booth, Kevin"]
[Result "1-0"]
[WhiteElo "1473"]
[BlackElo "1194"]
[PlyCount "65"]
[GameId "2160767911060958"]
[EventDate "2004.10.15"]
[EventType "swiss"]
[EventRounds "5"]
[EventCountry "CAN"]
[SourceTitle "EXT 2006"]
[Source "ChessBase"]
[SourceDate "2005.11.24"]
[SourceVersion "1"]
[SourceVersionDate "2005.11.24"]
[SourceQuality "1"]

1. e4 c5 2. e5 Nc6 3. Nf3 d6 4. Bb5 Bd7 5. exd6 exd6 6. O-O g6 7. Nc3 Bg7 8. Nd5 Be6 9. Re1 Nge7 10. Bxc6+ Nxc6 11. Nf4 Qd7 12. Nxe6 fxe6 13. c3 O-O-O 14. d4 cxd4 15. cxd4 d5 16. Be3 h5 17. Rc1 Kb8 18. a3 a5 19. Qa4 Qd6 20. g3 Rhf8 21. Bf4 Rxf4 22. gxf4 Qxf4 23. Rxc6 bxc6 24. Re3 Rd7 25. Qxc6 Qd6 26. Rxe6 Qxc6 27. Rxc6 Rf7 28. Rxg6 Rxf3 29. Rxg7 Rd3 30. Rg5 Rxd4 31. Rxh5 Rd1+ 32. Kg2 d4 33. Rxa5 1-0

[Event "Thanksgiving op"]
[Site "Winnipeg CAN"]
[Date "2004.10.16"]
[Round "2"]
[White "Cheyne, Andrew"]
[Black "Plocek, Jaroslav"]
[Result "0-1"]
[WhiteElo "1118"]
[BlackElo "1525"]
[PlyCount "55"]
[GameId "2160767911060959"]
[EventDate "2004.10.15"]
[EventType "swiss"]
[EventRounds "5"]
[EventCountry "CAN"]

1. e4 c5 2. Nf3 Nc6 3. d4 cxd4 4. Nxd4 g6 5. Nc3 Bg7 6. Nxc6 bxc6 7. Be2 e6 8. Be3 Ne7 9. O-O O-O 10. Rb1 Qc7 11. Bc5 Re8 12. f4 Bb7 13. Qd6 Qxd6 14. Bxd6 Nc8 15. Rbd1 Nxd6 16. Rxd6 Red8 17. f5 Bf8 18. Rd2 exf5 19. exf5 Rab8 20. fxg6 hxg6 21. b3 d5 22. Bd3 Bb4 23. Rdf2 Bc5 24. Ne2 Bxf2+ 25. Rxf2 Re8 26. a4 a5 27. c4 Ba6 28. h3 0-1

[Event "Thanksgiving op"]
[Site "Winnipeg CAN"]
[Date "2004.10.16"]
[Round "2"]
[White "Gannon, Keith"]
[Black "Reimer, Bruce"]
[Result "1-0"]
[WhiteElo "1580"]
[BlackElo "1344"]
[PlyCount "87"]
[GameId "2160767911060960"]
[EventDate "2004.10.15"]
[EventType "swiss"]
[EventRounds "5"]
[EventCountry "CAN"]
[SourceTitle "EXT 2006"]
[Source "ChessBase"]
[SourceDate "2005.11.24"]
[SourceVersion "1"]
[SourceVersionDate "2005.11.24"]
[SourceQuality "1"]

1. e4 d6 2. Nf3 e5 3. Nc3 c5 4. Bb5+ Bd7 5. Bxd7+ Nxd7 6. Nd5 Ngf6 7. Nxf6+ Nxf6 8. d3 g6 9. O-O Bg7 10. a3 a5 11. b3 b5 12. Bg5 O-O 13. Re1 Qc7 14. Bxf6 Bxf6 15. Rb1 b4 16. a4 Rad8 17. Qe2 Bg7 18. Nd2 f5 19. f3 fxe4 20. fxe4 Rf7 21. Rf1 Rdf8 22. Rxf7 Rxf7 23. Rf1 Bh6 24. Rxf7 Qxf7 25. Nc4 Qc7 26. Qf3 Bg7 27. Qg4 Kf7 28. Qf3+ Kg8 29. h3 Bh8 30. Kf2 Bg7 31. Ke2 Bh8 32. g4 Bg7 33. g5 Qd8 34. Qg4 Kf7 35. h4 h6 36. gxh6 Bxh6 37. h5 gxh5 38. Qxh5+ Kg7 39. Qg4+ Kf7 40. Qf5+ Kg8 41. Qg6+ Bg7 42. Qxd6 Qxd6 43. Nxd6 Bf6 44. Nb7 1-0